L'argent / (Record no. 168170)

MARC details
000 -LEADER
campo de control de longitud fija 00700nam a22002055i 4500
001 - NÚMERO DE CONTROL
campo de control 168170
003 - IDENTIFICADOR DE NÚMERO DE CONTROL
campo de control ES-MaACL
005 - FECHA Y HORA DE LA ÚLTIMA TRANSACCIÓN
campo de control 20250717013102.0
008 - DATOS DE LONGITUD FIJA--INFORMACIÓN GENERAL
campo de control de longitud fija 940301s1891 fr |||| | fre d
040 ## - FUENTE DE CATALOGACIÓN
Centro catalogador/agencia de origen AS
Lengua de catalogación spa
100 1# - ENTRADA PRINCIPAL--NOMBRE DE PERSONA
Nombre de persona Zola, Émile,
Fechas asociadas al nombre 1840-1902
9 (RLIN) 118331
245 12 - MENCIÓN DEL TÍTULO
Título L'argent /
Mención de responsabilidad, etc. par Emile Zola.
260 ## - PUBLICACIÓN, DISTRIBUCIÓN, ETC.
Lugar de publicación, distribución, etc. Paris :
Nombre del editor, distribuidor, etc. G. Charpentier et E. Fasquelle, ed.,
Fecha de publicación, distribución, etc. 1891 (
Fabricante Imprimeries réunies)
300 ## - DESCRIPCIÓN FÍSICA
Extensión 445 p. ;
Dimensiones 19 cm.
490 1# - MENCIÓN DE SERIE
Mención de serie Biblothèque-Charpentier. Les Rougon-Macquart
830 0# - PUNTO DE ACCESO ADICIONAL DE SERIE-TÍTULO UNIFORME
Título uniforme Biblothèque-Charpentier. Les Rougon-Macquart
9 (RLIN) 222686
852 ## - LOCALIZACIÓN
Ubicación ES-MaACL
Número de control de estantería B-3256
Nota libre -- Enc. pasta
852 ## - LOCALIZACIÓN
Ubicación ES-MaACL
Número de control de estantería D-3188
Nota libre -- Enc. hol.
Holdings
Estatus retirado Estado de pérdida Estado de daño No para préstamo Colección Biblioteca de origen Biblioteca actual Ubicación en estantería Fecha de adquisición Fuente de adquisición Total de préstamos Signatura topográfica completa Código de barras Visto por última vez Precio de reemplazo Tipo de ítem Koha
        Libros del s. XIX Biblioteca del Ateneo de Madrid Biblioteca del Ateneo de Madrid Sala Valle Inclán 17/01/2008     D-3188 901176455 23/02/2023 23/02/2023 Libro impreso antiguo
        Libros del s. XIX Biblioteca del Ateneo de Madrid Biblioteca del Ateneo de Madrid Sala Pardo Bazán 17/01/2008     B-3256 1176454 23/02/2023 23/02/2023 Libro impreso antiguo